| 000 | 00826 a2200265 4500 | ||
|---|---|---|---|
| 001 | 200002409 | ||
| 999 |
_c200002409 _d21513 |
||
| 003 | TR-AnTOB | ||
| 005 | 20190408215857.0 | ||
| 008 | 110219s2010 tu 000 0 d | ||
| 020 | _a9786054397020 | ||
| 040 | _aTR-AnTOB | ||
| 041 | _atur | ||
| 050 | 1 | 4 |
_aHN656.5.M373 _bS67 2010 |
| 090 | _aHN656.5.M373 S67 2010 | ||
| 245 | 0 | 0 |
_aSosyal risk analizi : _bMardin proje raporu örneği / _cproje yöneticisi Nurgün Oktik ; araştırmacılar Cem Şafak Çukur ...[et al.]. |
| 264 | 1 |
_aMuğla : _bMuğla Üniversitesi, _c2010. |
|
| 300 |
_a320 p.: _btabl. _c28 cm. |
||
| 651 | 0 |
_aMardin İli (Türkiye) _xSosyal durum _971541 |
|
| 651 | 0 |
_aMardin (Turkey) _xSocial conditions _971540 |
|
| 700 | 1 |
_aOktik, Nurgün _941159 |
|
| 700 | 1 |
_aÇukur, Cem Şafak _971539 |
|
| 910 | _a0034940 | ||
| 942 | _cBK | ||